| 000 | 00580cam a22002171 4500 | ||
|---|---|---|---|
| 001 | sa 64006403 | ||
| 003 | DLC | ||
| 005 | 20260227112039.0 | ||
| 008 | 890628s1963 ii c 000 0 hino | ||
| 010 | _asa 64006403 | ||
| 035 | _a(OCoLC)19940455 | ||
| 040 |
_aDLC _cWaU _dDLC |
||
| 042 | _apremarc | ||
| 050 | 0 | 0 |
_aDS479.1.T54 _bI5 |
| 100 | 1 |
_aVidyāvācaspati, Indra, _d1889-1960. |
|
| 245 | 1 | 0 | _aLokamānya Tilaka aura unakā yuga. |
| 260 | _c1963. | ||
| 300 |
_a6, 233 (i.e. 243) p. _bport. _c19 cm. |
||
| 546 | _aIn Hindi. | ||
| 600 | 1 | 0 |
_aTilak, Bal Gangadhar, _d1856-1920. |
| 999 |
_c59673 _d59673 |
||